Wszystkie przystanki linii autobusowej 904 Wrocław - Statystyki

Ogólne statystyki
  • Ten quiz został rozwiązany 5 razy
    4 od ostatniego zresetowania
  • Średni wynik to 16 z 38
Statystyki odpowiedzi
Odpowiedź % Poprawnych
Galeria DOminikańska
100%
Katedra
100%
Brucknera
75%
tylko w stronę Łoziny Damrota
75%
na życzenie Grudziądzka
75%
Kromera
75%
Ogród Botaniczny
75%
Psie Pole
75%
Psie Pole Rondo Lotników Polskich
75%
Wyszyńskiego
75%
na życzenie Bierutowska
50%
na życzenie Budziwojowice
50%
Centrum Handlowe Korona
50%
na życzenie, tylko w stronę Galerii Dominikańskiej Centrum Handlowe Korona
50%
na życzenie Dobroszycka
50%
na życzenie Łosice
50%
Mirków Sportowa
50%
na życzenie Psie Pole Stacja Kolejowa
50%
na życzenie Bierutowska 65
25%
na życzenie Bierutowska 75
25%
na życzenie Bierutowska Wiadukt
25%
na życzenie Dąbrowica
25%
Długołęka Kasztanowa
25%
na życzenie Długołęka Parkowa/skrzyżowanie
25%
na życzenie Długołęka Wiejska
25%
na życzenie Dobroszów Oleśnicki
25%
na życzenie Łosice plac zabaw
25%
na życzenie Łozina cmentarz
25%
na życzenie Łozina kościół
25%
Łozina skrzyżowanie
25%
na życzenie Mirków Jagiellońska
25%
Szczodre Pętla
25%
na życzenie Szczodre Stawy
25%
na życzenie Szczodre Trzebnicka
25%
na życzenie Urząd Wojewódzki Muzeum Narodowe
25%
na życzenie Długołęka Parkowa skrzyżowanie Konopnickiej
0%
na życzenie Dobroszów skrzyżowanie Węgierska
0%
na życzenie Szczodre Trzebnicka (na wysokości numeru 3A)
0%
Nie znaleziono quizów pasujących do podanych kryteriów
Rozkład punktacji
Procent ludzi z każdym wynikiem
Percentyl według liczby udzielonych odpowiedzi
Twoja historia wyników
Nie rozwiązałeś tego quizu od ostatniego zresetowania